000 00819nam a22002537a 4500
005 20170123162318.0
010 _aA-054982
020 _c21.00
035 _aA-054982
037 _bCen Lib/Ret
040 _aDPL
_bUR
082 _a840.8
_bم ن ظ
100 _aمنظر اعظمی
_9115519
245 _aاردو میں تمثیل نگاری /
_cمنظر اعظمی
246 _aUrdu men tamseel nigari /
_bby Manzar Azmi
260 _aنیی دہلی
_bانجمن ترقی اردو
_c1977
270 _aاردو گھر
_bنیی دہلی
300 _a647p.
_c21cm(Hb)
650 _aاردو ادب
_9115520
650 _aاردو تمثیل نگاری
_9107857
650 _aUrdu literature
_9115521
650 _aUrdu moddeling
_9115522
942 _2ddc
_cUR
_h840.8
_mم ن ظ
999 _c106841
_d106841